[Event "AUTO-ADV-4888"]
[Site "http://www.queenalice.com/game.php?id=1862107"]
[Date "2025.8.25"]
[Round "1"]
[White "maurice916"]
[Black "fbenevides2019"]
[Result "1/2-1/2"]
[WhiteElo "1802"]
[BlackElo "1873"]

1. Nf3 d5 2. b3 Nf6 3. Bb2 e6 4. e3 a6 5. c4 dxc4 6. bxc4 c5 7. Nc3 Qb6 8. Qc2
Nc6 9. Rb1 Nb4 10. Qb3 Qd6 11. Na4 Nd7 12. d4 cxd4 13. Bxd4 Nc6 14. Rd1 Qb4+ 15.
Bc3 Qxb3 16. axb3 f6 17. Be2 Bb4 18. O-O Bxc3 19. Nxc3 O-O 20. Ne4 Rf7 21. Nd6
Re7 22. Nd4 Nxd4 23. Rxd4 f5 24. Bf3 Rb8 25. Nxc8 Rxc8 26. Bxb7 Rb8 27. Bxa6
Rxb3 28. Bb5 Ne5 29. f4 Ng6 30. Re1 Kf7 31. g3 h6 32. Kf2 Rb2+ 33. Re2 Rxe2+ 34.
Kxe2 e5 35. fxe5 Nxe5 36. c5 Rc7 37. Rd5 Ke6 38. Rd6+ Ke7 39. Rd5 Ke6 40. Rd6+
Ke7 41. Rd5 Ke6 1/2-1/2

[Event "AUTO-ADV-4888"]
[Site "http://www.queenalice.com/game.php?id=1862108"]
[Date "2025.8.25"]
[Round "1"]
[White "fbenevides2019"]
[Black "MHRangel"]
[Result "1-0"]
[WhiteElo "1879"]
[BlackElo "1742"]

1. d4 e5 2. dxe5 Nc6 3. Nf3 Qe7 4. Bg5 f6 5. exf6 gxf6 6. Bh4 Bg7 7. c3 d6 8. e3
Bd7 9. Qb3 Bc8 10. Bb5 Bd7 11. O-O O-O-O 12. Na3 Nb8 13. Bxd7+ Qxd7 14. Nc4 b6
15. Qa3 Nh6 16. Qxa7 Qc6 17. b3 Rde8 18. Bg3 Nf5 19. Rfd1 Qb7 20. Qxb7+ Kxb7 21.
Nd4 Nxg3 22. hxg3 Nd7 23. f4 h5 24. Re1 f5 25. Rac1 Bxd4 26. cxd4 d5 27. Ne5 Nf6
28. a4 h4 29. gxh4 Rxh4 30. Nf3 Rg4 31. Ng5 Ne4 32. Nxe4 dxe4 33. Kf2 Reg8 34.
Rg1 c6 35. g3 Rd8 36. Rcd1 Rd5 37. Rc1 Rg8 38. Rh1 Rg7 39. Rh6 c5 40. Rc4 Rgd7
41. Rh5 Ka6 42. Rg5 Ka5 43. g4 Rf7 44. gxf5 cxd4 45. exd4 Rdd7 46. Ke3 Rde7 47.
d5 Rf6 48. Rxe4 Rd7 49. Re6 Rf8 50. f6 Rdf7 51. Rf5 Ka6 52. b4 Rd8 53. Re7 Rxe7+
54. fxe7 Re8 55. d6 Kb7 56. Rf8 1-0

[Event "AUTO-ADV-4888"]
[Site "http://www.queenalice.com/game.php?id=1862109"]
[Date "2025.8.25"]
[Round "1"]
[White "MHRangel"]
[Black "fbenevides2019"]
[Result "1-0"]
[WhiteElo "1735"]
[BlackElo "1953"]

1. d4 d5 2. c4 c6 3. Bg5 dxc4 4. e3 Be6 5. Nf3 Bd5 6. Nc3 Nd7 7. Nxd5 cxd5 8.
Be2 Ngf6 9. O-O h6 10. Bf4 Qb6 11. Rb1 e6 12. Ne5 Nxe5 13. Bxe5 Be7 14. Qa4+ Qc6
15. Qxc6+ bxc6 16. Bd1 Rc8 17. Rc1 O-O 18. b3 cxb3 19. Bxb3 Bd8 20. Ba4 c5 21.
Bxf6 Bxf6 22. dxc5 Rc7 23. c6 Rb8 24. Rb1 Rbc8 25. Rb7 Rxb7 26. cxb7 Rb8 27. Bc6
Bd8 28. Rb1 Bb6 29. a4 g5 30. Rb5 Kf8 31. a5 Bc7 32. a6 Ke7 33. Kf1 Bxh2 34. g3
Kd6 35. Be8 f5 36. Kg2 Bxg3 37. Kxg3 Ke7 38. Bh5 Kd6 39. Rb3 Kc5 40. Bf7 e5 41.
Rc3+ Kb6 42. Bxd5 Kxa6 43. Rc8 Rxb7 44. Bxb7+ Kxb7 45. Rc5 f4+ 46. Kg4 fxe3 47.
fxe3 Kb6 48. Rxe5 a5 49. Re6+ Kb5 50. Rxh6 a4 51. Kxg5 a3 52. e4 1-0

[Event "AUTO-ADV-4888"]
[Site "http://www.queenalice.com/game.php?id=1862110"]
[Date "2025.8.25"]
[Round "1"]
[White "fbenevides2019"]
[Black "Zeca1955"]
[Result "0-1"]
[WhiteElo "1892"]
[BlackElo "1811"]

1. d4 d5 2. Nc3 e6 3. a3 Nf6 4. h3 h6 5. Nf3 c5 6. dxc5 Bxc5 7. e3 O-O 8. b4 Bd6
9. Bb2 Nc6 10. Bb5 Qc7 11. Ne2 a6 12. Bd3 e5 13. b5 axb5 14. Bxb5 Qa5+ 15. Nc3
Re8 16. O-O e4 17. Bxc6 bxc6 18. Nd4 Qc7 19. g3 Bxh3 20. Nde2 Bxf1 21. Kxf1 Ng4
22. Ke1 Nh2 23. Kd2 Rab8 24. Rb1 Rxb2 25. Rxb2 Bxa3 26. Rb3 Nf3# 0-1

[Event "AUTO-ADV-4888"]
[Site "http://www.queenalice.com/game.php?id=1862111"]
[Date "2025.8.25"]
[Round "1"]
[White "Zeca1955"]
[Black "fbenevides2019"]
[Result "0-1"]
[WhiteElo "1865"]
[BlackElo "1870"]

1. g3 e5 2. e4 Nf6 3. Nc3 a6 4. Nf3 Nc6 5. Bc4 h6 6. d3 Bc5 7. Nd5 Ng4 8. O-O b5
9. Bb3 a5 10. a3 a4 11. Ba2 d6 12. h3 Nf6 13. Kg2 Nd4 14. c3 Nxf3 15. Qxf3 O-O
16. Be3 Bxe3 17. Nxe3 Qd7 18. g4 Nh7 19. Nf5 Ng5 20. Qe3 Kh7 21. Bd5 c6 22. h4
Ne6 23. Bxe6 Qxe6 24. h5 Qf6 25. f4 Bxf5 26. exf5 Qh4 27. Qf3 Rac8 28. Rh1 Qf6
29. Rh3 exf4 30. Qxf4 d5 31. Rg3 Rg8 32. g5 hxg5 33. Rxg5 Rce8 34. Rg1 Re2+ 35.
Kf1 Rxb2 36. Rg6 Qxc3 37. R6g3 Qc2 38. Qe3 Rb1+ 39. Qe1 Rxe1+ 40. Kxe1 Re8+ 41.
Kf1 Qe2# 0-1

[Event "AUTO-ADV-4859"]
[Site "http://www.queenalice.com/game.php?id=1862792"]
[Date "2025.9.9"]
[Round "2"]
[White "fbenevides2019"]
[Black "silverado"]
[Result "1-0"]
[WhiteElo "1909"]
[BlackElo "1962"]

1. d4 d5 2. Nc3 c6 3. h3 h6 4. Nf3 f6 5. e3 Bf5 6. Bd3 Bxd3 7. Qxd3 Kd7 8. O-O
e6 9. a3 Bd6 10. Qg6 Qe7 11. Qd3 g5 12. e4 dxe4 13. Nxe4 Na6 14. b3 Rd8 15. Bd2
Kc8 16. b4 b5 17. c4 bxc4 18. Qxc4 Nb8 19. a4 f5 20. Nxd6+ Rxd6 21. Ne5 Qf6 22.
Bc3 Ne7 23. b5 Kb7 24. bxc6+ Nbxc6 25. Rab1+ Ka8 26. Qb3 Rb8 27. Qa3 Rdd8 28.
Nxc6 Nxc6 29. d5 Nd4 30. Bxd4 Qxd4 31. dxe6 Qf6 32. Qf3+ 1-0

[Event "AUTO-ADV-4859"]
[Site "http://www.queenalice.com/game.php?id=1862793"]
[Date "2025.9.9"]
[Round "2"]
[White "silverado"]
[Black "fbenevides2019"]
[Result "1-0"]
[WhiteElo "1939"]
[BlackElo "1914"]

1. e4 e5 2. Nc3 a6 3. a3 Nf6 4. d4 exd4 5. Qxd4 c5 6. Qe5+ Qe7 7. Qxe7+ Bxe7 8.
f3 h6 9. e5 Ng8 10. Nd5 Kd8 11. Nb6 Ra7 12. c4 d6 13. exd6 Bxd6 14. Bd3 Bc7 15.
Nxc8 Kxc8 16. Be3 Nd7 17. Bf5 b6 18. O-O-O Nf6 19. g4 g6 20. Bxd7+ Nxd7 21. b4
cxb4 22. axb4 a5 23. bxa5 Rxa5 24. Kb1 g5 25. Ne2 Re8 26. Rd3 Be5 27. Nd4 Bxd4
28. Bxd4 Ra4 29. Rc1 Kc7 30. Rb3 Re6 31. h3 Re2 32. Bg7 Re6 33. Bd4 Rc6 34. Rbc3
Kb7 35. Be3 Ne5 36. c5 b5 37. Rd1 Nxf3 38. Rd7+ Rc7 39. c6+ Kc8 40. Rd6 Re4 41.
Rxh6 Ne5 42. Rh8# 1-0

[Event "AUTO-ADV-4899"]
[Site "http://www.queenalice.com/game.php?id=1864554"]
[Date "2025.10.20"]
[Round "1"]
[White "fbenevides2019"]
[Black "Daniel1962"]
[Result "1-0"]
[WhiteElo "1941"]
[BlackElo "1833"]

1. d4 d5 2. Nc3 c6 3. h3 Bf5 4. Nf3 Nf6 5. Bg5 Nbd7 6. Bxf6 Nxf6 7. e3 Ne4 8.
Nxe4 Bxe4 9. c3 Qb6 10. b4 a5 11. a3 axb4 12. cxb4 e6 13. Bd3 Bxd3 14. Qxd3 Qa7
15. O-O b5 16. Ne5 Bd6 17. Nxc6 Qd7 18. Na5 O-O 19. Nb3 e5 20. Rfd1 e4 21. Qe2
Rfc8 22. Nc5 Bxc5 23. dxc5 h6 24. Qh5 Qa7 25. Qxd5 Rd8 26. Qxe4 Rxd1+ 27. Rxd1
Qxa3 28. g4 Qb3 29. Qxa8+ Kh7 30. Qe4+ g6 31. Rd8 Qe6 32. Qxe6 fxe6 33. Rd7+ Kg8
34. c6 1-0

[Event "AUTO-ADV-4899"]
[Site "http://www.queenalice.com/game.php?id=1864555"]
[Date "2025.10.20"]
[Round "1"]
[White "Daniel1962"]
[Black "fbenevides2019"]
[Result "0-1"]
[WhiteElo "1866"]
[BlackElo "1927"]

1. g3 d5 2. Bg2 e6 3. e4 dxe4 4. Bxe4 Nf6 5. Nc3 a6 6. d4 h6 7. Nf3 Bb4 8. Bd2
Bxc3 9. Bxc3 Nxe4 10. Bb4 Nc6 11. c3 Nxb4 12. cxb4 O-O 13. Qe2 Nf6 14. O-O b5
15. a4 bxa4 16. Rxa4 Qd6 17. b5 Bb7 18. bxa6 Bxa6 19. Qc2 Bxf1 20. Rxa8 Rxa8 21.
Kxf1 Ra1+ 22. Kg2 c6 23. Ne5 Ra6 24. f4 Qxd4 25. Nxc6 Qd5+ 26. Kh3 Rxc6 27. Qa4
Rc5 28. b4 Qf5+ 29. Kg2 Rc2+ 30. Kh1 Qe4+ 0-1

[Event "AUTO-ADV-4899"]
[Site "http://www.queenalice.com/game.php?id=1864556"]
[Date "2025.10.20"]
[Round "1"]
[White "fbenevides2019"]
[Black "Carlos19"]
[Result "1-0"]
[WhiteElo "1932"]
[BlackElo "1595"]

1. e4 e5 2. d4 Bd6 3. dxe5 Bxe5 4. Bc4 Nf6 5. f3 d6 6. c3 a6 7. Qb3 O-O 8. Bd3
h6 9. f4 Bxf4 10. Bxf4 Nc6 11. Nf3 Bg4 12. Qxb7 Bxf3 13. gxf3 Na5 14. Qb4 c5 15.
Qa3 g5 16. Bd2 Re8 17. c4 Nc6 18. b3 Nd4 19. Kf2 Re5 20. Bc3 g4 21. Bxd4 cxd4
22. Qb2 Qb6 23. Nd2 h5 24. f4 Re7 25. Nf1 h4 26. Ke1 Nxe4 27. Be2 f5 28. Nd2 Qb4
29. Qxd4 Nxd2 30. Qxd2 Qc5 31. Qd5+ Qxd5 32. cxd5 a5 33. Kd2 Re4 34. Rhf1 Rd4+
35. Ke1 Rxd5 36. Bc4 Re8+ 37. Kf2 Rc8 38. Bxd5+ Kf8 39. Ke1 Rc2 40. Rf2 Rc5 41.
Rd2 Rc3 42. Be6 Re3+ 43. Re2 Rf3 44. Bxf5 g3 45. hxg3 Rxg3 46. Kf2 Rc3 47. Rh1
Rc5 48. Bg4 Rb5 49. Rxh4 Rb4 50. Kf3 Rd4 51. Rh5 a4 52. bxa4 Rxa4 53. Rb5 Ra6
54. Rb7 d5 55. Rc2 Ra8 56. Be6 d4 57. Rh2 Ra3+ 58. Kg4 1-0

[Event "AUTO-ADV-4899"]
[Site "http://www.queenalice.com/game.php?id=1864557"]
[Date "2025.10.20"]
[Round "1"]
[White "Carlos19"]
[Black "fbenevides2019"]
[Result "0-1"]
[WhiteElo "1633"]
[BlackElo "1928"]

1. e4 d5 2. e5 e6 3. Nf3 a6 4. Nc3 Nc6 5. a3 f6 6. exf6 Qxf6 7. d4 h6 8. Bd3 Bd7
9. O-O O-O-O 10. b4 Nxd4 11. Be3 Nxf3+ 12. gxf3 Qxc3 13. Bd2 Qf6 14. f4 Bd6 15.
f3 Bxf4 16. h3 Bxd2 17. Qxd2 Bb5 18. Bxb5 axb5 19. f4 Ne7 20. Rae1 Rd6 21. Rf3
g5 22. Ref1 Nf5 23. fxg5 Qxg5+ 24. Qxg5 hxg5 25. Kh2 Nd4 26. Rf8+ Rxf8 27. Rxf8+
Rd8 28. Rf2 Rg8 29. Rg2 Nf3+ 30. Kg3 Nh4 31. Re2 Kd7 32. Re5 Kd6 33. Re3 Rf8 34.
Kg4 Rf5 35. Rg3 Ke7 36. Kh5 Kf7 37. Rxg5 Rxg5+ 38. Kxg5 Nf3+ 39. Kg4 Nd2 40. Kg5
Nc4 41. h4 Kg7 42. h5 Nxa3 43. c3 Nb1 44. h6+ Kh7 45. Kh5 Nxc3 46. Kg5 d4 0-1

[Event "AUTO-ADV-4899"]
[Site "http://www.queenalice.com/game.php?id=1864558"]
[Date "2025.10.20"]
[Round "1"]
[White "fbenevides2019"]
[Black "mvson33"]
[Result "0-1"]
[WhiteElo "1899"]
[BlackElo "1791"]

1. d4 Nf6 2. Nf3 d5 3. h3 e6 4. a3 Be7 5. e3 O-O 6. Nc3 b6 7. Bd3 Bb7 8. O-O c5
9. dxc5 Bxc5 10. b4 Be7 11. Qe2 Nc6 12. Rd1 Rc8 13. e4 dxe4 14. Nxe4 Nd4 15. Qd2
Nxe4 16. Bxe4 Bxe4 17. Nxd4 Bf6 18. c3 Bxd4 19. cxd4 Qc7 20. Qe2 Bg6 21. Bb2 Qc2
22. Qxc2 Rxc2 23. Ra2 Rfc8 24. f3 Re2 25. Rc1 Rxc1+ 26. Bxc1 Rxa2 27. Kh2 Bh5
28. Kg3 Rc2 29. Be3 Rc3 30. Bf4 Rxa3 31. Bb8 a6 32. Ba7 b5 33. Bc5 Bg6 34. Kf4
Ra2 35. g4 Bd3 36. h4 Ra3 37. Ke3 Bc4+ 38. Ke4 h6 39. g5 hxg5 40. hxg5 Bd5+ 41.
Ke5 Rxf3 42. Kd6 Rg3 43. Kc7 Rxg5 44. Kb6 Bc4 45. Kxa6 Rd5 0-1

[Event "AUTO-ADV-4899"]
[Site "http://www.queenalice.com/game.php?id=1864559"]
[Date "2025.10.20"]
[Round "1"]
[White "mvson33"]
[Black "fbenevides2019"]
[Result "1-0"]
[WhiteElo "1803"]
[BlackElo "1935"]

1. d4 d5 2. Nf3 e6 3. e3 a6 4. c4 dxc4 5. Bxc4 h6 6. O-O Nc6 7. Nc3 Bb4 8. Bd2
Bxc3 9. Bxc3 Nf6 10. Bb3 O-O 11. Bc2 a5 12. Rc1 b5 13. Bd2 Re8 14. Bb1 Ba6 15.
Re1 Bb7 16. Rf1 b4 17. Qa4 Qd6 18. Rc4 Nd8 19. Rc5 Bc6 20. Qc2 Ra7 21. Ne5 Kf8
22. Nxc6 Ng4 23. g3 Nxc6 24. Rxc6 Qd5 25. Qe4 Qh5 26. Qg2 Rd8 27. Rfc1 Rc8 28.
Bd3 Nf6 29. R6c2 Nd5 30. Rc5 f6 31. e4 Qe8 32. exd5 exd5 33. Qxd5 Qf7 34. Qxf7+
Kxf7 35. Bf4 Rd8 36. Rxc7+ Rxc7 37. Rxc7+ Kg8 38. Bc4+ Kh8 39. d5 h5 40. d6 g5
41. d7 gxf4 42. Rc8 1-0

[Event "AUTO-MASTER-3287"]
[Site "http://www.queenalice.com/game.php?id=1865152"]
[Date "2025.11.4"]
[Round "1"]
[White "cerenzo72"]
[Black "fbenevides2019"]
[Result "1-0"]
[WhiteElo "2120"]
[BlackElo "1875"]

1. d4 d5 2. Nc3 Nc6 3. e3 a6 4. Nf3 Nf6 5. Be2 e6 6. Bd2 Bb4 7. O-O Bxc3 8. bxc3
O-O 9. c4 dxc4 10. Bxc4 h6 11. Bd3 b5 12. c4 b4 13. e4 a5 14. d5 exd5 15. cxd5
Ne7 16. Ne5 Qd6 17. Bf4 Qd8 18. Rc1 Ba6 19. Nc4 Bxc4 20. Rxc4 Ra7 21. Bb1 Ne8
22. Qg4 Ng6 23. Be3 Nf6 24. Qe2 Qd6 25. Bxa7 Qe5 26. Bd4 Qd6 27. e5 Nxe5 28.
Bxe5 Qxd5 29. Bxf6 gxf6 30. Qc2 f5 31. Rc5 Qd4 32. Qxf5 Qg7 33. Rc4 Kh8 34. Rg4
Qxg4 35. Qh7# 1-0

[Event "AUTO-MASTER-3287"]
[Site "http://www.queenalice.com/game.php?id=1865153"]
[Date "2025.11.4"]
[Round "1"]
[White "fbenevides2019"]
[Black "cerenzo72"]
[Result "0-1"]
[WhiteElo "1882"]
[BlackElo "2109"]

1. d4 Nf6 2. Nf3 d6 3. h3 e6 4. Nc3 b6 5. e3 Bb7 6. Bb5+ c6 7. Bd3 Nbd7 8. O-O
Be7 9. a4 O-O 10. Ne4 Rc8 11. Nxf6+ Bxf6 12. Nd2 d5 13. Qh5 g6 14. Qf3 e5 15.
dxe5 Nxe5 16. Qe2 c5 17. c3 d4 18. cxd4 cxd4 19. e4 Nxd3 20. Qxd3 Re8 21. Re1
Qe7 22. b3 Rc3 23. Qb5 d3 24. Ra2 Bd4 25. Kf1 a6 26. Qxe8+ Qxe8 27. f3 Qc6 28.
Ba3 Rc2 29. Rc1 Rxc1+ 0-1

[Event "AUTO-MASTER-3287"]
[Site "http://www.queenalice.com/game.php?id=1865166"]
[Date "2025.11.4"]
[Round "1"]
[White "IranSilva"]
[Black "fbenevides2019"]
[Result "1-0"]
[WhiteElo "2268"]
[BlackElo "1884"]

1. Nf3 d5 2. d4 h6 3. Bf4 Nc6 4. e3 a6 5. c4 Nf6 6. Nc3 Bg4 7. cxd5 Nxd5 8. Nxd5
Qxd5 9. Be2 Bxf3 10. Bxf3 Qa5+ 11. Kf1 Qb6 12. Qc2 e6 13. Rc1 Qb5+ 14. Kg1 Qb6
15. Bxc6+ bxc6 16. Qxc6+ Qxc6 17. Rxc6 Rb8 18. b3 Bd6 19. Bxd6 cxd6 20. h4 d5
21. Rxa6 O-O 22. Rc6 Ra8 23. Rc2 h5 24. Kf1 f5 25. Ke2 Kf7 26. Rhc1 Kf6 27. f3
g5 28. hxg5+ Kxg5 29. b4 h4 30. b5 Rfb8 31. Rb1 Rb6 32. Rbb2 f4 33. exf4+ Kxf4
34. Rc6 Rxc6 35. bxc6 Rc8 36. Rc2 Kg3 37. Kf1 h3 38. gxh3 Kxh3 39. Kf2 Kh4 40.
a4 Kg5 41. Ke3 Kf6 42. Rc5 Ke7 43. f4 Kd6 44. c7 Rxc7 45. Rxc7 Kxc7 46. Kd3 Kb6
47. Kc3 Ka5 48. Kb3 Kb6 49. Kb4 Ka6 50. a5 1-0

[Event "AUTO-MASTER-3287"]
[Site "http://www.queenalice.com/game.php?id=1865167"]
[Date "2025.11.4"]
[Round "1"]
[White "fbenevides2019"]
[Black "IranSilva"]
[Result "0-1"]
[WhiteElo "1888"]
[BlackElo "2272"]

1. d4 d5 2. Nc3 c6 3. h3 Bf5 4. Nf3 e6 5. a3 Nf6 6. Bg5 Be7 7. Bxf6 Bxf6 8. e3
h6 9. Bd3 Bxd3 10. Qxd3 O-O 11. O-O Nd7 12. b4 b5 13. Rfe1 Nb6 14. e4 Nc4 15. e5
Be7 16. Ra2 a5 17. bxa5 Rxa5 18. Rea1 Qc7 19. Nd2 Rfa8 20. Nxc4 bxc4 21. Qg3 c5
22. dxc5 Qxc5 23. a4 f6 24. exf6 Bxf6 25. Ra3 Qb4 26. Qe3 R8a6 27. g3 d4 28. Qe1
dxc3 29. Qd1 Rxa4 30. Rxa4 Rxa4 31. Rc1 Bg5 32. f4 Bf6 33. h4 Qc5+ 34. Kg2 Qd5+
35. Qxd5 exd5 36. h5 d4 37. Kf3 d3 38. cxd3 cxd3 39. Ke3 d2 40. Rd1 Rd4 0-1

[Event "AUTO-ADV-4859"]
[Site "http://www.queenalice.com/game.php?id=1865218"]
[Date "2025.11.4"]
[Round "3"]
[White "fbenevides2019"]
[Black "IranSilva"]
[Result "0-1"]
[WhiteElo "1886"]
[BlackElo "2274"]

1. d4 d5 2. Nc3 c6 3. Nf3 Bf5 4. e3 e6 5. a3 Nf6 6. h3 Be7 7. Bd3 Bxd3 8. Qxd3
O-O 9. O-O Nbd7 10. e4 dxe4 11. Nxe4 Nxe4 12. Qxe4 Nf6 13. Qd3 Qb6 14. c3 Rad8
15. b4 a5 16. Be3 axb4 17. axb4 Qc7 18. Ng5 h6 19. Ne4 e5 20. Nxf6+ Bxf6 21. Qe4
Rfe8 22. Qg4 Kh8 23. Qh5 exd4 24. cxd4 Rd5 25. Qg4 Qd6 26. Rab1 Bxd4 27. Bxd4
Rxd4 28. Qf3 Kg8 29. Qf5 Rxb4 30. Rxb4 Qxb4 31. Rb1 Qe7 32. g4 b5 33. f4 Qe3+
34. Kg2 Qe4+ 35. Qxe4 Rxe4 36. Kf3 Rc4 37. Rb3 b4 38. Ke3 c5 39. f5 f6 40. Kd3
Rc1 41. Kd2 Rc4 42. Kd3 Rd4+ 43. Ke3 Kf7 44. Rd3 Rxd3+ 45. Kxd3 Ke7 46. Kc4 Kd6
47. h4 Ke5 0-1

[Event "AUTO-ADV-4859"]
[Site "http://www.queenalice.com/game.php?id=1865219"]
[Date "2025.11.4"]
[Round "3"]
[White "IranSilva"]
[Black "fbenevides2019"]
[Result "1-0"]
[WhiteElo "2271"]
[BlackElo "1890"]

1. Nf3 d5 2. d4 Nc6 3. Bf4 h6 4. e3 a6 5. c4 Nf6 6. Nc3 dxc4 7. Bxc4 e6 8. O-O
b5 9. Bd3 Bd6 10. Bg3 Bxg3 11. hxg3 O-O 12. Rc1 Bb7 13. Nd2 b4 14. Nce4 Nxe4 15.
Nxe4 Ne7 16. Nc5 Bc6 17. Bb1 Qd5 18. f3 Qg5 19. Kf2 Nd5 20. Qd3 g6 21. Nxe6 fxe6
22. Rxc6 Rfe8 23. e4 Nb6 24. Rxc7 Na4 25. Qc2 Nb6 26. Qc1 Qxc1 27. Rfxc1 Nc8 28.
R1c6 a5 29. Rb7 Ra7 30. Rxa7 Nxa7 31. Ra6 Re7 32. Rxa5 Rb7 33. Rc5 Kf7 34. Bd3
Kf6 35. b3 Rb8 36. f4 g5 37. Rc7 Nc8 38. e5# 1-0